[Event "Ruhrgebiet Verbandsliga Gruppe 2 1617"]
[Site "Germany"]
[Date "2016.11.27"]
[Round "4.8"]
[White "Wirthmann, Stefan"]
[Black "Mittelbachert, Ulrich"]
[Result "1/2-1/2"]
[WhiteElo "1728"]
[BlackElo "1880"]
[PlyCount "110"]
[EventDate "2016.09.04"]
[EventType "team-tourn"]
[EventRounds "9"]
[EventCountry "GER"]
[SourceTitle "EXT 2022"]
[Source "ChessBase"]
[SourceDate "2021.10.06"]
[SourceVersion "1"]
[SourceVersionDate "2021.10.06"]
[SourceQuality "1"]
[WhiteTeam "Brambauer"]
[BlackTeam "Sodingen/Castrop SK II"]
[WhiteTeamCountry "GER"]
[BlackTeamCountry "GER"]

1. e4 c6 2. d4 d5 3. Nc3 dxe4 4. Bc4 Nf6 5. f3 e3 6. Bxe3 Nbd7 7. Qe2 Nb6 8. Bb3 a5 9. a3 a4 10. Ba2 Nbd5 11. Bd2 Bf5 12. Ne4 e6 13. c4 Nb6 14. Bc3 Be7 15. 0-0-0 Qc7 16. Bb1 0-0 17. Nh3 Bg6 18. g4 Nbd7 19. f4 Bxe4 20. Bxe4 Nxe4 21. Qxe4 b5 22. g5 b4 23. Bxb4 Bxb4 24. axb4 a3 25. b3 Rfb8 26. f5 exf5 27. Qxf5 Rxb4 28. Kc2 Nf8 29. Nf4 Ng6 30. Nxg6 hxg6 31. Qf3 Rbb8 32. h4 Re8 33. h5 Qd6 34. h6 Qe6 35. d5 Qe5 36. Qc3 Qxc3+ 37. Kxc3 cxd5 38. cxd5 gxh6 39. gxh6 Rab8 40. b4 Re3+ 41. Kc4 Re4+ 42. Kb3 Rexb4+ 43. Kxa3 Rb3+ 44. Ka2 Rb2+ 45. Ka3 R8b3+ 46. Ka4 Rb7 47. Ka3 R2b3+ 48. Ka2 Rb2+ 49. Ka3 R7b3+ 50. Ka4 Rb4+ 51. Ka3 R4b3+ 52. Ka4 Rb8 53. Ka3 R2b3+ 54. Ka2 Rb2+ 55. Ka3 R8b3+ 1/2-1/2

[Event "NRW Verbandsklasse Group2 1314"]
[Site "Nordrheinwestfalen"]
[Date "2014.04.06"]
[Round "9"]
[White "Leimkuehler, Dirk"]
[Black "Wirthmann, Stefan"]
[Result "1-0"]
[WhiteElo "1833"]
[BlackElo "1766"]
[PlyCount "35"]
[EventDate "2013.09.08"]
[EventType "team-tourn"]
[EventRounds "9"]
[EventCountry "GER"]
[SourceTitle "EXT 2020"]
[Source "ChessBase"]
[SourceDate "2019.10.17"]
[SourceVersion "1"]
[SourceVersionDate "2019.10.17"]
[SourceQuality "1"]
[WhiteTeam "Welper SV II"]
[BlackTeam "Doppelbauer Brambauer II"]
[WhiteTeamCountry "GER"]
[BlackTeamCountry "GER"]

1. f4 e5 2. fxe5 d6 3. exd6 Bxd6 4. Nf3 g5 5. g3 h5 6. d4 g4 7. Nh4 Nh6 8. e4 f5 9. e5 Be7 10. Ng6 Rh7 11. Bg2 Nc6 12. c3 Bg5 13. Bf4 h4 14. Qa4 Bd7 15. e6 Bxe6 16. Bxc6+ bxc6 17. Qxc6+ Bd7 18. Qc5 1-0

[Event "NRW Verbandsklasse Group2 1314"]
[Site "Nordrheinwestfalen"]
[Date "2013.12.15"]
[Round "5.6"]
[White "Schlenter, Ruediger"]
[Black "Wirthmann, Stefan"]
[Result "1-0"]
[WhiteElo "1860"]
[BlackElo "1766"]
[PlyCount "63"]
[EventDate "2013.09.08"]
[EventType "team-tourn"]
[EventRounds "9"]
[EventCountry "GER"]
[SourceTitle "EXT 2020"]
[Source "ChessBase"]
[SourceDate "2019.10.17"]
[SourceVersion "1"]
[SourceVersionDate "2019.10.17"]
[SourceQuality "1"]
[WhiteTeam "Muelheim Nord IV"]
[BlackTeam "Doppelbauer Brambauer II"]
[WhiteTeamCountry "GER"]
[BlackTeamCountry "GER"]

1. Nf3 Nf6 2. g3 d5 3. Bg2 c5 4. 0-0 Nc6 5. d4 cxd4 6. Nxd4 e5 7. Nxc6 bxc6 8. c4 Be6 9. Qa4 Qd7 10. Rd1 Rc8 11. Nc3 d4 12. Bg5 Be7 13. e3 0-0 14. exd4 exd4 15. Ne2 c5 16. Qxd7 Bxd7 17. Nf4 Rb8 18. Nd3 Be6 19. Bf4 Rbd8 20. Ne5 Ne8 21. Re1 g5 22. Bd2 Bf6 23. b3 Nd6 24. Ba5 Rc8 25. Rad1 Rfe8 26. Nc6 Nb7 27. Bd2 Rc7 28. f4 h6 29. Nxa7 Ra8 30. Nb5 Re7 31. f5 Rxa2 32. fxe6 1-0

[Event "NRW Verbandsklasse Group2 1314"]
[Site "Nordrheinwestfalen"]
[Date "2013.09.08"]
[Round "1.6"]
[White "Verfuerth, Christian"]
[Black "Wirthmann, Stefan"]
[Result "1/2-1/2"]
[WhiteElo "1851"]
[BlackElo "1766"]
[PlyCount "20"]
[EventDate "2013.09.08"]
[EventType "team-tourn"]
[EventRounds "9"]
[EventCountry "GER"]
[SourceTitle "EXT 2020"]
[Source "ChessBase"]
[SourceDate "2019.10.17"]
[SourceVersion "1"]
[SourceVersionDate "2019.10.17"]
[SourceQuality "1"]
[WhiteTeam "Horst Emscher II"]
[BlackTeam "Doppelbauer Brambauer II"]
[WhiteTeamCountry "GER"]
[BlackTeamCountry "GER"]

1. d4 Nf6 2. Nf3 g6 3. Nc3 Bg7 4. e4 d6 5. Be3 Bg4 6. h3 Bxf3 7. Qxf3 0-0 8. Bc4 c6 9. a4 Nbd7 10. 0-0 Qa5 1/2-1/2

[Event "Unterfranken-ch M2 46th"]
[Site "Karlburg"]
[Date "1995.??.??"]
[Round "?"]
[White "Gold, Stefan"]
[Black "Wirthmann, Stefan"]
[Result "1/2-1/2"]
[WhiteElo "1583"]
[BlackElo "1806"]
[PlyCount "52"]
[EventDate "1995.04.17"]
[EventType "swiss"]
[EventRounds "9"]
[EventCountry "GER"]
[SourceTitle "EXT 2015"]
[Source "ChessBase"]
[SourceDate "2014.11.20"]
[SourceVersion "1"]
[SourceVersionDate "2014.11.20"]
[SourceQuality "1"]

1. Nf3 d5 2. b3 Nf6 3. Bb2 e6 4. e3 Be7 5. c4 0-0 6. Be2 c6 7. 0-0 Nbd7 8. d4 b6 9. Nbd2 Bb7 10. Bd3 Rc8 11. Rc1 c5 12. Re1 Ne4 13. cxd5 exd5 14. dxc5 Ndxc5 15. Be2 f5 16. Nd4 f4 17. Nxe4 dxe4 18. Bc4+ Kh8 19. Qg4 Bf6 20. Ne6 Nxe6 21. Bxf6 Qxf6 22. Qxe6 Qg5 23. Qh3 Rcd8 24. exf4 Qxf4 25. Qe3 Qxe3 26. Rxe3 Rd2 1/2-1/2

[Event "Unterfranken-ch M2 46th"]
[Site "Karlburg"]
[Date "1995.??.??"]
[Round "?"]
[White "Lindner, Werner"]
[Black "Wirthmann, Stefan"]
[Result "1-0"]
[WhiteElo "1938"]
[BlackElo "1806"]
[PlyCount "45"]
[EventDate "1995.04.17"]
[EventType "swiss"]
[EventRounds "9"]
[EventCountry "GER"]
[SourceTitle "EXT 2015"]
[Source "ChessBase"]
[SourceDate "2014.11.20"]
[SourceVersion "1"]
[SourceVersionDate "2014.11.20"]
[SourceQuality "1"]

1. d4 Nf6 2. Nf3 e6 3. Bf4 d5 4. e3 Be7 5. c3 0-0 6. Be2 c5 7. a4 b6 8. h3 Nc6 9. Nbd2 Bb7 10. 0-0 Bd6 11. Ne5 Qc7 12. Ndf3 Nd7 13. Nxc6 Bxc6 14. Bxd6 Qxd6 15. a5 c4 16. Qc2 b5 17. Nd2 b4 18. b3 cxb3 19. Nxb3 Rfc8 20. cxb4 Rab8 21. Nc5 Rxb4 22. Rfc1 Bb5 23. Qd2 1-0

[Event "Unterfranken-ch M2 46th"]
[Site "Karlburg"]
[Date "1995.??.??"]
[Round "?"]
[White "Wirthmann, Stefan"]
[Black "Koehler, Reiner"]
[Result "1-0"]
[WhiteElo "1806"]
[BlackElo "1763"]
[PlyCount "65"]
[EventDate "1995.04.17"]
[EventType "swiss"]
[EventRounds "9"]
[EventCountry "GER"]
[SourceTitle "EXT 2015"]
[Source "ChessBase"]
[SourceDate "2014.11.20"]
[SourceVersion "1"]
[SourceVersionDate "2014.11.20"]
[SourceQuality "1"]

1. e4 c5 2. d4 cxd4 3. c3 dxc3 4. Nxc3 Nc6 5. Nf3 d6 6. Bc4 e6 7. 0-0 a6 8. Qe2 Qc7 9. Rd1 Nge7 10. Be3 Rb8 11. Rac1 Ng6 12. Bb3 Be7 13. Nd5 exd5 14. exd5 0-0 15. dxc6 bxc6 16. Bg5 Bb7 17. Bxe7 Nxe7 18. Qd3 Rbd8 19. Ng5 Ng6 20. h4 Qe7 21. Re1 Qf6 22. Re3 c5 23. Rg3 h5 24. Bd1 Qd4 25. Qe2 Qxh4 26. Rc4 Rde8 27. Qf1 Re1 28. Qxe1 Qxc4 29. Bb3 Qf4 30. Qd1 Ne5 31. Qxh5 Qf5 32. Rh3 Qb1+ 33. Bd1 1-0

[Event "Unterfranken-ch HB 43th"]
[Site "Sailauf"]
[Date "1992.??.??"]
[Round "7"]
[White "Wirthmann, Stefan"]
[Black "Hauck, Juergen"]
[Result "1/2-1/2"]
[WhiteElo "1766"]
[BlackElo "1862"]
[PlyCount "59"]
[EventDate "1992.04.20"]
[EventType "swiss"]
[EventRounds "9"]
[EventCountry "GER"]
[SourceTitle "EXT 2015"]
[Source "ChessBase"]
[SourceDate "2014.11.20"]
[SourceVersion "1"]
[SourceVersionDate "2014.11.20"]
[SourceQuality "1"]

1. e4 c5 2. d4 cxd4 3. c3 dxc3 4. Nxc3 e6 5. Nf3 Bb4 6. Bc4 Qc7 7. Qe2 Bxc3+ 8. bxc3 Ne7 9. 0-0 0-0 10. Ba3 Nbc6 11. e5 Re8 12. Bd6 Qa5 13. Bd3 h6 14. Qe4 g6 15. g4 Qxc3 16. Rac1 Qa5 17. h4 Nd5 18. h5 Nce7 19. Nh4 f5 20. gxf5 gxf5 21. Qf3 Rf8 22. Kh2 Qd2 23. Rc4 Rf7 24. Rg1+ Rg7 25. Ng6 Nxg6 26. hxg6 b5 27. Bxf5 Bb7 28. Rc7 Qf4+ 29. Qxf4 Nxf4 30. Rxb7 1/2-1/2